Since 1945: politics and diplomacy in recent american history
Saved in:
| 主要作者: | |
|---|---|
| 格式: | 圖書 |
| 語言: | 英语 |
| 出版: |
Nueva York
John Wiley
1975
|
| 主題: | |
| 標簽: |
添加標簽
沒有標簽, 成為第一個標記此記錄!
|
MARC
| LEADER | 00000nam a2200000 a 4500 | ||
|---|---|---|---|
| 001 | UCT6317 | ||
| 003 | CL-VaPUC | ||
| 005 | 20220826134408.0 | ||
| 008 | 970106e19750000US |||||||||||||||||eng|d | ||
| 999 | |c 255030 |d 255028 | ||
| 040 | |c Pontificia Universidad Católica de Valparaíso | ||
| 082 | 0 | 4 | |a 973.92 |b DIV |2 21 |
| 100 | 0 | |a Divine, Robert A |e author |9 376347 | |
| 245 | 1 | 0 | |a Since 1945: politics and diplomacy in recent american history |
| 260 | |a Nueva York |b John Wiley |c 1975 | ||
| 300 | |a 251 p | ||
| 583 | |a last modification |c 19970106 00:00:00 |k Rodrigo Vera | ||
| 600 | 0 | 7 | |a TRUMAN, HARRY S |2 CL-VaPUC |9 376348 |
| 600 | 0 | 7 | |a EISENHOWER, DWIGHT DAVID |2 CL-VaPUC |9 316135 |
| 600 | 0 | |a Kennedy, John Fitzgerald |d 1917-1963 |9 859083 | |
| 600 | 0 | 7 | |a JOHNSON, LYNDON B |2 CL-VaPUC |9 376350 |
| 600 | 0 | |a Nixon, Richard |q (Richard Milhous), |d 1913-1994 |9 876009 | |
| 650 | 0 | |a Historia |9 255047 | |
| 650 | 0 | |a Política |9 255312 | |
| 650 | 0 | |a Diplomacia |9 256483 | |
| 650 | 0 | |a Relaciones Exteriores |9 255379 | |
| 650 | 0 | |a Gobierno |9 255508 | |
| 650 | 7 | |a POLITICA INTERNA |2 CL-VaPUC |9 342443 | |
| 651 | 0 | |a Estados Unidos |9 255178 | |
| 942 | |c BK |2 ddc | ||
| 945 | |d 19970106 00:00:00 |a paguirre | ||
| 952 | |0 0 |1 0 |4 0 |6 973_920000000000000_DIV_1975 |7 0 |8 P |9 277067 |a BIBDER |b BIBDER |d 2019-11-19 |i 1801759 |o 973.92 DIV 1975 |p 1801759 |r 2023-01-25 |w 2019-11-19 |y BK |k DER | ||